000 00693nam a2200205Ia 4500
003 GCL
008 140319s9999 xx 000 0 ara d
020 _a2176214977
040 _aGCL /
_cGCL
082 0 4 _a575.21
_bع ا
100 1 _aعبدالباسط الجمل
245 1 0 _aاختلال ميزان الامان الحيوى فى العلم /
_cعبدالباسط الجمل
260 _aالقاهرة :
_bدار نهضة مصر للطبع والنشر ،
_c2002
300 _a205 ص ؛
_c10سم
650 0 4 _aالامراض الوراثية
650 0 4 _aالهندسة الوراثية
650 0 4 _aالجينوم
650 0 4 _aالوراثة الجينية
942 _2ddc
_cBK
999 _c5603
_d5603